Central Library OPAC University of Rajshahi

Profits / (Record no. 75907)

MARC details
000 -LEADER
fixed length control field 00883nam a2200265 a 4500
001 - CONTROL NUMBER
control field 75907
003 - CONTROL NUMBER IDENTIFIER
rucl marc code BD-RjUL
005 - DATE AND TIME OF LATEST TRANSACTION
control field 20211209082748.0
008 - FIXED-LENGTH DATA ELEMENTS--GENERAL INFORMATION
fixed length control field 190912s1925 maua b 000 0 eng d
035 ## - SYSTEM CONTROL NUMBER
System control number OCLC ocm09649665 from D970502M
System control number (BD-RjUL)76126
040 ## - CATALOGING SOURCE
Original cataloging agency CNO
Transcribing agency CNO
Modifying agency OCL
-- EQO
-- BD-RjUL
Language of cataloging eng
041 ## - LANGUAGE CODE
Language code of text/sound track or separate title eng
082 ## - DEWEY DECIMAL CLASSIFICATION NUMBER
Edition number 23
Classification number 338.516
Author mark and year FOP 1925
100 1# - MAIN ENTRY--PERSONAL NAME
Personal name Foster, William Trufant,
Dates associated with a name 1879-1950.
9 (RLIN) 232865
245 10 - TITLE STATEMENT
Title Profits /
Statement of responsibility, etc. by William Trufant Foster and Waddill Catchings.
260 ## - PUBLICATION, DISTRIBUTION, ETC. (IMPRINT)
Place of publication, distribution, etc. Boston :
Name of publisher, distributor, etc. H. Mifflin,
Date of publication, distribution, etc. 1925.
300 ## - PHYSICAL DESCRIPTION
Pagination xxii, 405 p.:
Illustrations illus.;
Size 21 cm.
490 0# - SERIES STATEMENT
Series statement Publications of the Pollak foundation for economic research,
Volume/sequential designation no. 8
504 ## - BIBLIOGRAPHY, ETC. NOTE
Bibliography, etc "Notes to all chapters": p. [419]-439.
650 #0 - SUBJECT ADDED ENTRY--TOPICAL TERM
Topical term or geographic name as entry element Profit.
9 (RLIN) 232866
Topical term or geographic name as entry element Consumption (Economics)
9 (RLIN) 232867
700 1# - ADDED ENTRY--PERSONAL NAME
Personal name Catchings, Waddill,
Dates associated with a name 1879-
942 ## - ADDED ENTRY ELEMENTS (KOHA)
Source of classification or shelving scheme Dewey Decimal Classification
Koha item type Books
Holdings
Lost status Source of classification or shelving scheme Damaged status Not for loan Collection code Permanent Location Current Location Shelving location Date acquired Total Checkouts Full call number Date last seen Copy number Koha item type
  Dewey Decimal Classification   Not For Loan Non-fiction Central Library, University of Rajshahi Central Library, University of Rajshahi Reading Room 12/09/2019   338.516 FOP 1925 12/09/2019 C-1 Books